Recovery of the European Asset Management Ten Years after the Financial Crisis
Analýza súčasnej situácie európskeho riadenia aktív po finančnej kríze 2007-2009. Porovnanie európskych aktív s globálnou situáciou, ako aj európske makroekonomické ukazovatele vrátane hrubého domáceho produktu a zamestnanosti.
Gespeichert in:
| 1. Verfasser: | |
|---|---|
| Weitere Verfasser: | |
| Format: | Buchkapitel |
| Sprache: | Englisch |
| Schlagworte: | |
| Tags: |
Keine Tags, Fügen Sie das erste Tag hinzu!
|
MARC
| LEADER | 00000naa a2200000 4500 | ||
|---|---|---|---|
| 001 | 0260763 | ||
| 005 | 20240502083745.8 | ||
| 041 | 0 | |a eng | |
| 044 | |a HR | ||
| 245 | 1 | 0 | |a Recovery of the European Asset Management Ten Years after the Financial Crisis |c Monika Matušovičová, Denis Matušovič |
| 520 | |a Analýza súčasnej situácie európskeho riadenia aktív po finančnej kríze 2007-2009. Porovnanie európskych aktív s globálnou situáciou, ako aj európske makroekonomické ukazovatele vrátane hrubého domáceho produktu a zamestnanosti. | ||
| 610 | 2 | 0 | |a kríza finančná |
| 610 | 2 | 0 | |a aktíva finančné |
| 610 | 2 | 0 | |a bubliny finančné |
| 610 | 2 | 0 | |a ukazovatele makroekonomické |
| 610 | 2 | 0 | |a Európa |
| 100 | 1 | |a Matušovičová, Monika, 1967- | |
| 700 | 1 | |a Matušovič, Denis | |